[Event "XII C.to Italiano U20"]
[Site "Bratto - Castione della Presolana ITA"]
[Date "2004.08.27"]
[Round "8"]
[White "Santacroce, Fidel"]
[Black "Giovannini, Stefano"]
[Result "1-0"]
[WhiteElo "1661"]
[BlackElo "1712"]
[PlyCount "77"]
[EventDate "2004.08.20"]

1. e4 c6 2. d4 d5 3. Nc3 dxe4 4. Nxe4 Nd7 5. Nf3 Ngf6 6. Nxf6+ Nxf6 7. Bc4 e6
8. O-O Qb6 9. c3 Bd7 10. Ne5 Nd5 11. Qf3 f6 12. Qh5+ g6 13. Nxg6 hxg6 14. Qxh8
O-O-O 15. Bxd5 exd5 16. Qxf6 Bf5 17. Bg5 Qc7 18. h3 Bd6 19. Qxd8+ Qxd8 20. Bxd8
Kxd8 21. Rfe1 Kd7 22. Re3 Bf4 23. Rf3 g5 24. g3 Be4 25. Rxf4 gxf4 26. gxf4 Ke6
27. Kh2 Kf5 28. Kg3 b6 29. f3 Bd3 30. Re1 Kf6 31. h4 Bg6 32. Re5 Bf7 33. h5 c5
34. Kg4 c4 35. Rf5+ Kg7 36. Rxf7+ Kxf7 37. Kf5 a5 38. Ke5 b5 39. Kxd5 1-0

[Event "XII C.to Italiano U20"]
[Site "Bratto - Castione della Presolana ITA"]
[Date "2004.08.27"]
[Round "8"]
[White "Scharrer, Patrick"]
[Black "Brunello, Sabino"]
[Result "1/2-1/2"]
[WhiteElo "2193"]
[BlackElo "2193"]
[PlyCount "105"]
[EventDate "2004.08.20"]

1. e4 e5 2. Nf3 Nc6 3. Bb5 a6 4. Ba4 Nf6 5. O-O Be7 6. Re1 b5 7. Bb3 d6 8. c3
O-O 9. h3 Bb7 10. d4 Re8 11. Ng5 Rf8 12. Nf3 Nd7 13. Nbd2 Bf6 14. Nf1 Re8 15.
Ng3 exd4 16. cxd4 Na5 17. Bc2 c5 18. Nf5 cxd4 19. Nxd6 Re6 20. Nxb7 Nxb7 21.
Bb3 Re8 22. Nxd4 Nbc5 23. Bd5 Rc8 24. Bf4 Nb6 25. Nf5 Nxd5 26. exd5 Rxe1+ 27.
Qxe1 Nd3 28. Qe3 Nxf4 29. Qxf4 Qxd5 30. Qg4 Rd8 31. a3 g6 32. Ne3 Qc6 33. Rd1
Rxd1+ 34. Nxd1 Qc2 35. Qf3 Kg7 36. b4 Qc1 37. Kh2 h5 38. g3 Qc7 39. Kg2 Qd6 40.
Ne3 h4 41. Nd5 Bg5 42. g4 Kg8 43. Nc3 Qe5 44. Ne4 Be7 45. Nc5 Bxc5 46. bxc5
Qxc5 47. Qa8+ Kg7 48. Qxa6 Qd5+ 49. Kg1 Qd3 50. Kg2 Qe4+ 51. Kg1 Qd3 52. Kg2
Qd5+ 53. Kg1 1/2-1/2

[Event "XII C.to Italiano U20"]
[Site "Bratto - Castione della Presolana ITA"]
[Date "2004.08.27"]
[Round "8"]
[White "Valsecchi, Alessio"]
[Black "Laurenti, Stefano"]
[Result "0-1"]
[WhiteElo "1739"]
[BlackElo "1823"]
[PlyCount "78"]
[EventDate "2004.08.20"]

1. e4 d5 2. exd5 Qxd5 3. Nc3 Qa5 4. d4 Nf6 5. Bd2 c6 6. Bc4 Bf5 7. Nf3 e6 8.
O-O Qc7 9. Re1 Be7 10. Bb3 Nbd7 11. Qe2 O-O 12. h3 Rad8 13. Nh4 Bg6 14. Nxg6
hxg6 15. a4 Nb6 16. a5 Nbd5 17. Nxd5 cxd5 18. Ra4 Ne4 19. c4 Bf6 20. Bc3 Rfe8
21. c5 e5 22. dxe5 Nxc5 23. Rb4 Nxb3 24. Rxb3 d4 25. Bd2 Rxe5 26. Qd1 Rf5 27.
Qg4 Qc2 28. Qd1 d3 29. Rxb7 Bd4 30. Kh1 Rxf2 31. Qxc2 dxc2 32. Bc1 Bf6 33. Rxa7
Rd1 34. Ra8+ Kh7 35. Rae8 Rf5 36. Kh2 Rxa5 37. b4 Ra1 38. R1e2 Rdxc1 39. Rc8
Bh4 0-1

[Event "XII C.to Italiano U20"]
[Site "Bratto - Castione della Presolana ITA"]
[Date "2004.08.27"]
[Round "8"]
[White "Vignoli, Matteo"]
[Black "Pagan, Andrea"]
[Result "1-0"]
[WhiteElo "1808"]
[BlackElo "1679"]
[PlyCount "157"]
[EventDate "2004.08.20"]

1. e4 c6 2. d4 d5 3. Nc3 dxe4 4. Nxe4 Bf5 5. Ng3 Bg6 6. h4 h6 7. Nf3 Nd7 8. h5
Bh7 9. Bd3 Bxd3 10. Qxd3 Ngf6 11. c4 e6 12. Bf4 Bb4+ 13. Bd2 Bd6 14. O-O-O Qc7
15. Ne4 Nxe4 16. Qxe4 Nf6 17. Qe2 O-O-O 18. Kb1 Kb8 19. Ne5 Rhf8 20. f4 Be7 21.
Bc3 Qb6 22. Rh3 Qa6 23. Rg3 Ne8 24. b3 Bf6 25. Rgd3 Nd6 26. g4 Nc8 27. Qg2 Qb6
28. g5 Bxe5 29. fxe5 Ne7 30. gxh6 gxh6 31. Qd2 Qc7 32. Bb4 Rh8 33. Bd6 Rxd6 34.
exd6 Qxd6 35. Qe3 Rh7 36. Qe5 Kc7 37. c5 Qxe5 38. dxe5 Nd5 39. Rg3 Kd7 40. Rg8
Kc7 41. Rd4 Kd7 42. Rdg4 Ne7 43. R4g7 Rxg7 44. Rxg7 Ke8 45. Rh7 Ng8 46. Rg7 Ne7
47. Rg4 b5 48. cxb6 axb6 49. a4 c5 50. Kb2 Kf8 51. b4 cxb4 52. Rxb4 Nd5 53. Rb5
Ke7 54. Kb3 f6 55. exf6+ Kxf6 56. Kc4 Ke5 57. Rb1 Kd6 58. Rg1 Nf6 59. Kb5 Kc7
60. Rg7+ Kc8 61. Kxb6 Nxh5 62. Rg8+ Kd7 63. a5 Nf6 64. Rh8 Nd5+ 65. Kb7 Nb4 66.
a6 Nxa6 67. Kxa6 Kd6 68. Rxh6 Kd5 69. Kb5 e5 70. Kb4 Kd4 71. Kb3 Kd3 72. Kb2 e4
73. Kc1 Ke2 74. Re6 e3 75. Re8 Kf3 76. Kd1 Kf2 77. Re7 Kf3 78. Ke1 Kf4 79. Ke2
1-0

[Event "XII C.to Italiano U20"]
[Site "Bratto - Castione della Presolana ITA"]
[Date "2004.08.27"]
[Round "8"]
[White "Vocaturo, Daniele"]
[Black "Rostolis, Riccardo"]
[Result "1-0"]
[WhiteElo "2221"]
[BlackElo "1709"]
[PlyCount "44"]
[EventDate "2004.08.20"]

1. e4 d5 2. exd5 Nf6 3. d4 Bg4 4. f3 Bf5 5. Bb5+ c6 6. dxc6 Qa5+ 7. Nc3 bxc6 8.
Bd3 Bxd3 9. Qxd3 e6 10. Nge2 Na6 11. Bf4 Nb4 12. Qd2 c5 13. O-O Nh5 14. a3 Nc6
15. d5 Rd8 16. Qe3 Nd4 17. dxe6 Nxe6 18. Rad1 Nf6 19. Rxd8+ Qxd8 20. Rd1 Qb6
21. Ne4 Be7 22. Nd6+ Bxd6 1-0

[Event "XII C.to Italiano U20"]
[Site "Bratto - Castione della Presolana ITA"]
[Date "2004.08.28"]
[Round "9"]
[White "Basso, Piergiorgio"]
[Black "Bartolini, Leonardo"]
[Result "1-0"]
[WhiteElo "1742"]
[BlackElo "1574"]
[PlyCount "63"]
[EventDate "2004.08.20"]

1. e4 e6 2. d4 d5 3. e5 c5 4. c3 Nc6 5. Nf3 Qb6 6. Bd3 Bd7 7. O-O Rc8 8. dxc5
Bxc5 9. Nbd2 f6 10. exf6 Nxf6 11. Qe2 O-O 12. Nb3 Bd6 13. Nbd4 e5 14. Nxc6 Bxc6
15. Bf5 Bd7 16. Nh4 Bxf5 17. Nxf5 Bb8 18. Ne7+ Kh8 19. Nxc8 Rxc8 20. Be3 Qd6
21. Rad1 d4 22. cxd4 exd4 23. g3 Qe6 24. Rxd4 Be5 25. Rd2 Qh3 26. f4 Bb8 27.
Qg2 Qe6 28. Re2 Qd7 29. Rc1 Rd8 30. Rd2 Qe8 31. Rxd8 Qxd8 32. Qxb7 1-0

[Event "XII C.to Italiano U20"]
[Site "Bratto - Castione della Presolana ITA"]
[Date "2004.08.28"]
[Round "9"]
[White "Battaglia, Edoardo"]
[Black "Braschi, Giancarlo"]
[Result "1/2-1/2"]
[WhiteElo "1877"]
[BlackElo "2196"]
[PlyCount "28"]
[EventDate "2004.08.20"]

1. e4 c5 2. Nc3 Nc6 3. g3 g6 4. Bg2 Bg7 5. d3 e6 6. Be3 Nd4 7. Qd2 Qa5 8. f4 d6
9. Nf3 Ne7 10. O-O O-O 11. Nd5 Qd8 12. Nxe7+ Qxe7 13. c3 Nxf3+ 14. Bxf3 Rb8
1/2-1/2

[Event "XII C.to Italiano U20"]
[Site "Bratto - Castione della Presolana ITA"]
[Date "2004.08.28"]
[Round "9"]
[White "Bellemo, Davide"]
[Black "Adami, Roberto"]
[Result "1-0"]
[WhiteElo "1712"]
[BlackElo "1652"]
[PlyCount "71"]
[EventDate "2004.08.20"]

1. c4 e5 2. Nc3 d6 3. g3 f5 4. Bg2 Nf6 5. e3 g6 6. Nge2 Bg7 7. O-O O-O 8. b3 c6
9. Bb2 Be6 10. d3 Nbd7 11. Qd2 g5 12. b4 a6 13. a4 Qe8 14. Rab1 Qh5 15. b5 axb5
16. Ba3 Ne8 17. cxb5 Rf6 18. bxc6 Rh6 19. h3 bxc6 20. f4 exf4 21. exf4 g4 22.
h4 Rc8 23. Rb7 c5 24. a5 Nc7 25. Bb2 d5 26. Nxd5 Nxd5 27. Bxd5 Bxd5 28. Rxd7
Bf7 29. Bxg7 Kxg7 30. Qb2+ Kg8 31. Qb7 Rf8 32. a6 Re6 33. Re1 Qg6 34. a7 Ra6
35. Rxf7 Re8 36. Re7 1-0

[Event "XII C.to Italiano U20"]
[Site "Bratto - Castione della Presolana ITA"]
[Date "2004.08.28"]
[Round "9"]
[White "Bonagura, Stefano"]
[Black "Cacciola, Alfredo"]
[Result "1-0"]
[WhiteElo "1784"]
[BlackElo "2052"]
[PlyCount "107"]
[EventDate "2004.08.20"]

1. d4 d5 2. Nf3 Nf6 3. c4 e6 4. Bg5 Nbd7 5. e3 c6 6. cxd5 exd5 7. Nc3 Be7 8.
Bd3 O-O 9. Qc2 Re8 10. O-O Nf8 11. Rab1 a5 12. a3 Ne4 13. Bxe7 Qxe7 14. Bxe4
dxe4 15. Nd2 f5 16. b4 Be6 17. Na4 axb4 18. axb4 Red8 19. Nc5 Ra2 20. Rb2 Rxb2
21. Qxb2 b6 22. Na4 Qa7 23. Ra1 Ra8 24. Nb3 Bxb3 25. Qxb3+ Qf7 26. Qc3 b5 27.
Nc5 Rxa1+ 28. Qxa1 Qc4 29. Qb2 h6 30. g3 Ne6 31. Nxe6 Qxe6 32. Qc3 Qd5 33. Qa3
Qc4 34. Qa8+ Kh7 35. Qf8 Kg6 36. h4 Qf7 37. Qd6+ Qf6 38. Qc5 Qe6 39. Qf8 Qf7
40. Qc8 Qd5 41. Qe8+ Kh7 42. h5 Qd6 43. Qf7 Qd5 44. Qg6+ Kg8 45. Kg2 Qf7 46.
Qxc6 Qxh5 47. Qxb5 Qf3+ 48. Kg1 h5 49. Qb8+ Kh7 50. Qf4 Qd1+ 51. Kg2 g6 52. b5
Qb3 53. Qc7+ Kh6 54. b6 1-0

[Event "XII C.to Italiano U20"]
[Site "Bratto - Castione della Presolana ITA"]
[Date "2004.08.28"]
[Round "9"]
[White "Boscolo, Marco"]
[Black "Vignoli, Matteo"]
[Result "1-0"]
[WhiteElo "1898"]
[BlackElo "1808"]
[PlyCount "99"]
[EventDate "2004.08.20"]

1. e4 e5 2. Nf3 Nc6 3. Bb5 a6 4. Ba4 Nf6 5. O-O Be7 6. Re1 b5 7. Bb3 O-O 8. c3
d5 9. exd5 Nxd5 10. d4 exd4 11. Nxd4 Nxd4 12. Qxd4 c6 13. Bxd5 cxd5 14. Bf4 Bf6
15. Be5 Re8 16. Nd2 Bxe5 17. Rxe5 Rxe5 18. Qxe5 Be6 19. Nf3 Qb8 20. Qxb8+ Rxb8
21. a3 Kf8 22. Nd4 Rb6 23. Re1 g6 24. f4 h5 25. Kf2 Kg7 26. Re3 Kf6 27. h4 Rb8
28. Re5 Rd8 29. Ke3 Rd6 30. g3 Rb6 31. Nc2 Ke7 32. Kd4 f6 33. Re1 Kd6 34. b4
Bf5 35. Ne3 Be4 36. Ra1 Rb8 37. a4 bxa4 38. Rxa4 Ra8 39. Ra5 Ke6 40. c4 f5 41.
cxd5+ Kd7 42. Nc4 Rb8 43. Ne5+ Kc7 44. Kc5 Rb5+ 45. Rxb5 axb5 46. Nxg6 Bd3 47.
d6+ Kd8 48. Ne5 Be2 49. Nc6+ Kd7 50. Nd4 1-0

[Event "XII C.to Italiano U20"]
[Site "Bratto - Castione della Presolana ITA"]
[Date "2004.08.28"]
[Round "9"]
[White "Brunello, Sabino"]
[Black "Di Caro, Calogero"]
[Result "1/2-1/2"]
[WhiteElo "2193"]
[BlackElo "2322"]
[PlyCount "206"]
[EventDate "2004.08.20"]

1. e4 e6 2. d4 d5 3. e5 c5 4. c3 Nc6 5. Nf3 Bd7 6. a3 f6 7. Bd3 Qc7 8. O-O
O-O-O 9. Re1 c4 10. Bc2 Nh6 11. Nbd2 Nf7 12. Qe2 fxe5 13. Nxe5 Nfxe5 14. dxe5
Bc5 15. b4 cxb3 16. Nxb3 Bb6 17. c4 dxc4 18. Qxc4 Nxe5 19. Qxc7+ Bxc7 20. Bb2
Ng4 21. h3 Nf6 22. Nc5 Bb6 23. Nxd7 Rxd7 24. Re2 Rhd8 25. Bb3 Nd5 26. Rc1+ Kb8
27. Rxe6 Nc7 28. Be5 Bd4 29. Bg3 Bb6 30. Ba4 Rd3 31. Rxb6 Rxg3 32. Rxb7+ Kxb7
33. fxg3 Rd3 34. Rb1+ Kc8 35. Rb3 Rxb3 36. Bxb3 Kd7 37. Kf2 Kd6 38. Ke3 Ke5 39.
Bc4 Ne8 40. Kd3 Nd6 41. Bg8 h6 42. Bb3 Ne4 43. Kc4 Nxg3 44. Kb5 Kd6 45. Ka6 Kc5
46. Kxa7 Kb5 47. Kb7 g5 48. Kc7 Nh5 49. Kd6 Nf4 50. Bd5 Ka4 51. Be4 Kxa3 52.
Ke5 Kb4 53. Kf6 Kc5 54. Kg7 Kd4 55. Bb7 h5 56. Kh6 Ke5 57. Kxg5 h4 58. Bf3 Nxg2
59. Bxg2 Ke6 60. Kg6 Ke7 61. Bd5 Kf8 62. Bc4 Ke7 63. Kg7 Ke8 64. Bd5 Ke7 65.
Bf7 Kd7 66. Kf6 Kd8 67. Ke6 Kc8 68. Kd6 Kd8 69. Bg6 Kc8 70. Be8 Kd8 71. Ba4 Kc8
72. Bd7+ Kd8 73. Ke6 Kc7 74. Ke7 Kb8 75. Kd6 Kb7 76. Be8 Kc8 77. Ba4 Kd8 78.
Ke6 Kc7 79. Be8 Kd8 80. Bf7 Kc8 81. Be8 Kd8 82. Kf7 Kc7 83. Ke7 Kc8 84. Bb5 Kc7
85. Bd7 Kb7 86. Kd6 Kb8 87. Kc6 Ka7 88. Bg4 Kb8 89. Bf5 Ka8 90. Kc7 Ka7 91. Be4
Ka6 92. Kb8 Ka5 93. Kb7 Kb5 94. Bg2 Kc5 95. Kc7 Kb5 96. Kd6 Kb6 97. Bc6 Ka6 98.
Ba4 Kb7 99. Bd7 Kb8 100. Ke5 Kc7 101. Ba4 Kc8 102. Kf6 Kd8 103. Bb5 Kc7 1/2-1/2

[Event "XII C.to Italiano U20"]
[Site "Bratto - Castione della Presolana ITA"]
[Date "2004.08.28"]
[Round "9"]
[White "Buchicchio, Alessandro"]
[Black "Massironi, Marco"]
[Result "1/2-1/2"]
[WhiteElo "1813"]
[BlackElo "2121"]
[PlyCount "26"]
[EventDate "2004.08.20"]

1. e4 e5 2. Ke2 Ke7 3. Ke3 Ke6 4. Kf3 Kf6 5. Kg3 Kg6 6. Kh3 Kh6 7. Qg4 Qg5 8.
Qxg5+ Kxg5 9. Kg3 Kf6 10. Kf3 Ke7 11. Ke2 Kd8 12. Kd1 Ke8 13. Ke1 Nc6 1/2-1/2

[Event "XII C.to Italiano U20"]
[Site "Bratto - Castione della Presolana ITA"]
[Date "2004.08.28"]
[Round "9"]
[White "Buchicchio, Giampaolo"]
[Black "Scharrer, Patrick"]
[Result "1-0"]
[WhiteElo "2291"]
[BlackElo "2193"]
[PlyCount "81"]
[EventDate "2004.08.20"]

1. e4 c5 2. c3 Nf6 3. e5 Nd5 4. d4 cxd4 5. Nf3 Nc6 6. cxd4 d6 7. Bc4 Nb6 8. Bb3
dxe5 9. d5 Na5 10. Nc3 Nxb3 11. Qxb3 e6 12. Nxe5 Bd6 13. Qb5+ Bd7 14. Nxd7 Qxd7
15. dxe6 fxe6 16. O-O Nd5 17. Re1 Qxb5 18. Nxb5 Kd7 19. Nxd6 Kxd6 20. b3 Rac8
21. Bb2 Rhg8 22. Re2 Rc6 23. Rd1 g6 24. g3 Rgc8 25. Rdd2 Kd7 26. Kg2 Rf8 27.
Bg7 Rf5 28. Re4 h5 29. g4 Rf7 30. Bb2 Kc8 31. gxh5 gxh5 32. Kg3 Ne7 33. Kh4
Nf5+ 34. Kg5 Rh7 35. h4 Rc5 36. Rc4 Rhc7 37. Rxc5 Rxc5 38. Kxh5 Ne7+ 39. Kg4
Rf5 40. h5 Ng8 41. Bg7 1-0

[Event "XII C.to Italiano U20"]
[Site "Bratto - Castione della Presolana ITA"]
[Date "2004.08.28"]
[Round "9"]
[White "Buono, Michele"]
[Black "Vocaturo, Daniele"]
[Result "0-1"]
[WhiteElo "2098"]
[BlackElo "2221"]
[PlyCount "102"]
[EventDate "2004.08.20"]

1. Nf3 d6 2. d4 Nf6 3. c4 g6 4. Nc3 Bg7 5. Bg5 O-O 6. Qd2 c5 7. Bh6 cxd4 8.
Nxd4 Nc6 9. Bxg7 Kxg7 10. e4 Qb6 11. Rd1 Nxd4 12. Qxd4 Qxb2 13. Be2 Qb6 14.
Qxb6 axb6 15. Rb1 Ra3 16. Kd2 Nd7 17. Rb4 Nc5 18. Rhb1 f5 19. exf5 Rxf5 20. f3
Rh5 21. h3 Rg5 22. Bf1 Bd7 23. Rxb6 Bc6 24. R6b2 Ne6 25. Re1 Kf6 26. Re3 Raa5
27. Ke1 Rge5 28. Kf2 Rxe3 29. Kxe3 h5 30. Bd3 Nc5 31. Bc2 Ra3 32. Bb3 h4 33.
Nb1 Ra5 34. Rd2 Ne6 35. Nc3 g5 36. Ne2 Ke5 37. Rd1 Ra3 38. Nc1 Kf6 39. Nd3 Ba4
40. Nc1 Bxb3 41. axb3 Ra1 42. Re1 Nf4 43. Rg1 Rb1 44. Kd2 Rb2+ 45. Kc3 Rxg2 46.
Rxg2 Nxg2 47. Nd3 Kf5 48. Kd4 Nf4 49. Nf2 Ne6+ 50. Kd5 Nc7+ 51. Kd4 Kf4 0-1

[Event "XII C.to Italiano U20"]
[Site "Bratto - Castione della Presolana ITA"]
[Date "2004.08.28"]
[Round "9"]
[White "Campanella, Giovanni"]
[Black "Valsecchi, Alessio"]
[Result "0-1"]
[WhiteElo "1694"]
[BlackElo "1739"]
[PlyCount "104"]
[EventDate "2004.08.20"]

1. e4 c5 2. Nf3 d6 3. d4 cxd4 4. Nxd4 Nf6 5. Nc3 g6 6. f3 Bg7 7. Be3 O-O 8. Be2
Nc6 9. h4 d5 10. h5 dxe4 11. hxg6 hxg6 12. Nxc6 bxc6 13. fxe4 Qxd1+ 14. Rxd1
Bg4 15. Bf3 Rab8 16. b3 Nd7 17. Bxg4 Bxc3+ 18. Ke2 Ne5 19. Bh3 Rb7 20. Bd4 Bxd4
21. Rxd4 Kg7 22. Ke3 e6 23. Kf4 Nd7 24. Rd6 Rc7 25. a4 Nf6 26. g4 g5+ 27. Kf3
c5 28. Bf1 Nd7 29. Bb5 Ne5+ 30. Kg3 Rb8 31. c3 Kf6 32. Rh5 c4 33. b4 Ke7 34.
Ra6 Rd8 35. Rxg5 Kf6 36. Rh5 Rd3+ 37. Kg2 Rxc3 38. Ra5 Nd3 39. Be8 Nf4+ 40. Kf2
Nxh5 41. Rxh5 Rb3 42. Rc5 Rxc5 43. bxc5 Ke7 44. Bb5 c3 45. Ke2 c2 46. Kd2 Rc3
47. Kc1 Rxc5 48. Bd3 Kf6 49. Bxc2 Kg5 50. Kd2 Kxg4 51. Bd3 f5 52. exf5 exf5 0-1

[Event "XII C.to Italiano U20"]
[Site "Bratto - Castione della Presolana ITA"]
[Date "2004.08.28"]
[Round "9"]
[White "Cappai, Davide"]
[Black "Damia, Angelo"]
[Result "0-1"]
[WhiteElo "2132"]
[BlackElo "2129"]
[PlyCount "72"]
[EventDate "2004.08.20"]

1. e4 c5 2. Nf3 Nc6 3. d4 cxd4 4. Nxd4 Nf6 5. Nc3 e5 6. Ndb5 d6 7. Bg5 a6 8.
Bxf6 gxf6 9. Na3 b5 10. Nd5 f5 11. Bd3 Be6 12. Qh5 Rg8 13. O-O-O Rxg2 14. f4
Nd4 15. Ne3 Rf2 16. exf5 Bxa2 17. fxe5 dxe5 18. Nxb5 Bh6 19. Rhe1 axb5 20.
Bxb5+ Ke7 21. Qh4+ f6 22. Qxf2 Bf7 23. Bd3 Qb6 24. Be4 Ra2 25. c4 Bxc4 26. Kb1
Ra1+ 27. Kxa1 Qa6+ 28. Kb1 Qa2+ 29. Kc1 Nb3+ 30. Kc2 Nd4+ 31. Kc1 Nb3+ 32. Kc2
Nd4+ 33. Kc1 Qa1+ 34. Bb1 Ba2 35. Rxd4 Qxb1+ 36. Kd2 Qxb2+ 0-1

[Event "XII C.to Italiano U20"]
[Site "Bratto - Castione della Presolana ITA"]
[Date "2004.08.28"]
[Round "9"]
[White "Castellano, Fabio Marco"]
[Black "Mora, Lorenzo"]
[Result "1-0"]
[WhiteElo "1946"]
[BlackElo "1844"]
[PlyCount "82"]
[EventDate "2004.08.20"]

1. e4 e5 2. Nf3 Nc6 3. d4 exd4 4. Nxd4 Nf6 5. Nxc6 bxc6 6. e5 Qe7 7. Qe2 Nd5 8.
c4 Qb4+ 9. Qd2 Nb6 10. b3 Qxd2+ 11. Nxd2 g6 12. Bb2 Bg7 13. Bd3 O-O 14. O-O Ba6
15. Rfe1 d5 16. Rac1 c5 17. f4 Rad8 18. Rc2 Rd7 19. Ba3 Rfd8 20. Be2 dxc4 21.
Nxc4 Nxc4 22. Bxc4 Bxc4 23. bxc4 Bf8 24. g3 h5 25. Kf2 h4 26. Bc1 hxg3+ 27.
hxg3 Bg7 28. Be3 Bf8 29. g4 Rd3 30. f5 Be7 31. f6 Bf8 32. g5 Ra3 33. Kf3 Rdd3
34. Ke4 c6 35. Kf3 a6 36. Kf4 a5 37. Kf3 a4 38. Kf4 Kh8 39. Rh2+ Kg8 40. Reh1
Bg7 41. fxg7 Kxg7 1-0

[Event "XII C.to Italiano U20"]
[Site "Bratto - Castione della Presolana ITA"]
[Date "2004.08.28"]
[Round "9"]
[White "Chinello, Gianmarco"]
[Black "Bove, Alessandro"]
[Result "1-0"]
[WhiteElo "2100"]
[BlackElo "2175"]
[PlyCount "117"]
[EventDate "2004.08.20"]

1. e4 g6 2. d4 Bg7 3. c3 d6 4. Nf3 c6 5. Bf4 Nd7 6. Nbd2 Ngf6 7. Bd3 O-O 8. O-O
Re8 9. Re1 e5 10. Bg5 Qc7 11. Rc1 Nf8 12. Nc4 Ne6 13. Bd2 Nh5 14. dxe5 dxe5 15.
g3 Bd7 16. Bf1 b5 17. Ne3 a5 18. a3 Nc5 19. c4 Nxe4 20. cxb5 Qb7 21. Nc4 Nxd2
22. Nfxd2 cxb5 23. Nd6 Qb6 24. Nxe8 Bxe8 25. Qc2 f5 26. Qc5 Qxc5 27. Rxc5 Rb8
28. Rec1 Nf6 29. Rc8 Rb7 30. R1c5 Bf8 31. Rxe5 Kf7 32. Nf3 Bd7 33. Ng5+ Kg7 34.
Ne6+ Bxe6 35. Rxe6 b4 36. a4 Ne4 37. Bg2 Ng5 38. Ree8 Rf7 39. Ra8 Be7 40. Rxa5
Bf6 41. b3 Rc7 42. h4 Nf7 43. Rb8 Rc1+ 44. Kh2 Ne5 45. Ra7+ Kh6 46. f3 Rc2 47.
Kh3 Nc6 48. Rc8 Rc3 49. Rac7 Na5 50. Rxc3 Bxc3 51. f4 Nxb3 52. Bd5 Nd2 53. a5
Bd4 54. Rb8 Bc5 55. a6 Ne4 56. Bxe4 fxe4 57. Rb5 Ba7 58. Rxb4 e3 59. Re4 1-0

[Event "XII C.to Italiano U20"]
[Site "Bratto - Castione della Presolana ITA"]
[Date "2004.08.28"]
[Round "9"]
[White "Covolan, Stefano"]
[Black "Cantu', Guido"]
[Result "0-1"]
[WhiteElo "1586"]
[BlackElo "1700"]
[PlyCount "108"]
[EventDate "2004.08.20"]

1. e4 c5 2. Nf3 d6 3. d4 cxd4 4. Nxd4 Nf6 5. Nc3 a6 6. Bc4 e6 7. Bb3 b5 8. f3
Nbd7 9. Be3 Bb7 10. Qe2 g6 11. O-O e5 12. Ndxb5 axb5 13. Nxb5 Be7 14. Qd2 Ba6
15. c4 Nc5 16. Bxc5 dxc5 17. Qxd8+ Bxd8 18. Rfd1 Ke7 19. Nc3 Bb6 20. g4 Bb7 21.
g5 Nh5 22. Nd5+ Bxd5 23. exd5 Kd6 24. h4 Ng7 25. Bc2 Nf5 26. Bxf5 gxf5 27. b3
Ba5 28. a4 Rab8 29. Rab1 Rb7 30. Kg2 Rhb8 31. Rd3 Rb4 32. Rc3 Rxa4 33. bxa4
Rxb1 34. Rc2 Ra1 35. Kg3 Rxa4 36. f4 e4 37. h5 Ra3+ 38. Kg2 Rf3 39. Ra2 Bc7 40.
Ra6+ Ke7 41. Rh6 Rxf4 42. Rxh7 Rg4+ 43. Kf2 Rxg5 44. h6 Rh5 45. Rh8 Be5 46. Rc8
Rxh6 47. Ke2 Bd6 48. Rc6 f4 49. Ra6 Rh2+ 50. Kf1 f3 51. Ra7+ Kf6 52. Ra6 Ke5
53. Ra7 e3 54. Rxf7 Rh1# 0-1

[Event "XII C.to Italiano U20"]
[Site "Bratto - Castione della Presolana ITA"]
[Date "2004.08.28"]
[Round "9"]
[White "Drezzadore, Dario"]
[Black "Ferrante, Marco"]
[Result "0-1"]
[WhiteElo "1730"]
[BlackElo "2074"]
[PlyCount "74"]
[EventDate "2004.08.20"]

1. e4 e6 2. d4 d5 3. e5 c5 4. c3 Qb6 5. Nf3 Nc6 6. Bd3 Bd7 7. O-O cxd4 8. cxd4
Nxd4 9. Nxd4 Qxd4 10. Nc3 a6 11. Qe2 Ne7 12. Rd1 Qc5 13. Be3 Qc7 14. f4 Nc6 15.
Bf2 Nb4 16. Rac1 Qd8 17. Bb1 Be7 18. a3 Nc6 19. f5 d4 20. Nd5 exd5 21. e6 O-O
22. Qh5 Bf6 23. Rd3 Be8 24. Rh3 h6 25. Rg3 Bg5 26. Rd1 fxe6 27. Qg4 e5 28. Ba2
Ne7 29. h4 Bf6 30. Be1 Bd7 31. Bb1 e4 32. Bb4 Rf7 33. Rf1 Nxf5 34. Rxf5 Qc8 35.
Qg6 Bxf5 36. Qxh6 Qc6 37. Qh5 Qc1+ 0-1

[Event "XII C.to Italiano U20"]
[Site "Bratto - Castione della Presolana ITA"]
[Date "2004.08.28"]
[Round "9"]
[White "Fortino, Fabrizio"]
[Black "Forato, Enrico"]
[Result "1-0"]
[WhiteElo "1931"]
[BlackElo "1739"]
[PlyCount "73"]
[EventDate "2004.08.20"]

1. e4 c5 2. c3 d5 3. exd5 Qxd5 4. d4 Nc6 5. Nf3 Bg4 6. Be2 e6 7. Be3 cxd4 8.
cxd4 Nf6 9. Nc3 Qd7 10. Ne5 Nxe5 11. dxe5 Bxe2 12. Kxe2 Qxd1+ 13. Rhxd1 Nd7 14.
f4 a6 15. Na4 b5 16. Rxd7 bxa4 17. Rad1 Rb8 18. Ba7 Rxb2+ 19. Kf3 f6 20. Rd8+
Kf7 21. R1d7+ Kg6 22. Bc5 Bxc5 23. Rxh8 fxe5 24. fxe5 Rxa2 25. Rg8 a3 26.
Rgxg7+ Kf5 27. g4+ Kxe5 28. Rg5+ Kf6 29. Rxc5 Rxh2 30. Ra5 a2 31. Rxa6 Rb2 32.
Rda7 Rb3+ 33. Kg2 Rb2+ 34. Kg3 Rb3+ 35. Kh4 h5 36. Rxa2 hxg4 37. Rf2+ 1-0

[Event "XII C.to Italiano U20"]
[Site "Bratto - Castione della Presolana ITA"]
[Date "2004.08.28"]
[Round "9"]
[White "Frilli, Guido"]
[Black "Napoli, Nicolo'"]
[Result "1/2-1/2"]
[WhiteElo "2131"]
[BlackElo "2172"]
[PlyCount "83"]
[EventDate "2004.08.20"]

1. e4 g6 2. d4 Bg7 3. Nc3 c6 4. Be3 d5 5. Qd2 dxe4 6. Nxe4 Nf6 7. Nc3 Ng4 8.
O-O-O Nxe3 9. Qxe3 Qa5 10. Nge2 Be6 11. Kb1 Na6 12. Nf4 Bf5 13. Bd3 Nb4 14.
Bxf5 Qxf5 15. Nd3 a5 16. Rhe1 O-O 17. Qf4 e6 18. Qxf5 gxf5 19. Ne5 Rfd8 20. a3
Na6 21. Ne2 c5 22. c3 Nc7 23. Nf3 cxd4 24. Nfxd4 Ra6 25. Kc2 b5 26. Nb3 Rxd1
27. Rxd1 Nd5 28. Nbd4 Nc7 29. Nf3 Nd5 30. Ned4 Bxd4 31. Nxd4 Nc7 32. Nf3 Rc6
33. Rd8+ Kg7 34. Rd7 Kg8 35. Rd8+ Kg7 36. Rd7 Kg8 37. Ne5 Rc5 38. Nxf7 b4 39.
axb4 axb4 40. Nh6+ Kh8 41. Nf7+ Kg8 42. Nh6+ 1/2-1/2

[Event "XII C.to Italiano U20"]
[Site "Bratto - Castione della Presolana ITA"]
[Date "2004.08.28"]
[Round "9"]
[White "Giovannini, Stefano"]
[Black "Finocchiaro, Gianluca"]
[Result "1/2-1/2"]
[WhiteElo "1712"]
[BlackElo "1505"]
[PlyCount "65"]
[EventDate "2004.08.20"]

1. d4 Nf6 2. c4 g6 3. Nc3 Bg7 4. e4 d6 5. Nf3 O-O 6. Be2 e5 7. d5 a5 8. O-O Na6
9. Ne1 Nc5 10. f3 Ne8 11. Be3 b6 12. Nd3 Ba6 13. Nxc5 bxc5 14. Qd2 f5 15. Bh6
f4 16. Bxg7 Nxg7 17. a3 Qb8 18. Rfb1 Qa7 19. Kh1 Rab8 20. Bd3 Rb3 21. Bc2 Rbb8
22. b3 Bc8 23. Nb5 Qb6 24. b4 axb4 25. axb4 Bd7 26. bxc5 Qxc5 27. Bd3 Bxb5 28.
cxb5 Rb7 29. h3 Nh5 30. Ra6 Qd4 31. Rb4 Ng3+ 32. Kh2 Nf1+ 33. Kh1 1/2-1/2